Základné východiská súčasných systémov financovania vo vzdelávacích politikách
Všeobecné východiská modelov financovania vzdelávania v podmienkach OECD. Základné východiská stratégie modelu financovania vzdelávania. Tendencie vo vzdelávacích politikách vo vzťahu k otázkam distribúcie finančných zdrojov a plateniu na vzdelávanie. Rozmiestnenie verejných a súkromných finančných...
Gespeichert in:
| 1. Verfasser: | |
|---|---|
| Format: | Buchkapitel |
| Sprache: | Slowakisch |
| Schlagworte: | |
| Tags: |
Keine Tags, Fügen Sie das erste Tag hinzu!
|
MARC
| LEADER | 00000naa$a2200000$$$4500 | ||
|---|---|---|---|
| 001 | 0027767 | ||
| 005 | 20240502083123.4 | ||
| 041 | 0 | |a slo | |
| 044 | |a CZ | ||
| 245 | 1 | 0 | |a Základné východiská súčasných systémov financovania vo vzdelávacích politikách |c Iveta Dudová |
| 520 | |a Všeobecné východiská modelov financovania vzdelávania v podmienkach OECD. Základné východiská stratégie modelu financovania vzdelávania. Tendencie vo vzdelávacích politikách vo vzťahu k otázkam distribúcie finančných zdrojov a plateniu na vzdelávanie. Rozmiestnenie verejných a súkromných finančných zdrojov pre vzdelávacie inštitúcie vo vybraných krajinách. Východiská modelu financovania vzdelávacieho systému v podmienkach Slovenskej republiky. Distribúcia celkových verejných výdavkov na vzdelávanie. Reformy v oblasti vysokého školstva a model financovania vzdelávania. | ||
| 610 | 2 | 0 | |a vzdelávanie |
| 610 | 2 | 0 | |a investície finančné |
| 610 | 2 | 0 | |a zdroje finančné |
| 610 | 2 | 0 | |a krajiny vyspelé |
| 610 | 2 | 0 | |a Slovensko |
| 610 | 2 | 0 | |a školstvo |
| 610 | 2 | 0 | |a náklady na vzdelanie |
| 610 | 2 | 0 | |a reformy školské |
| 100 | 1 | |a Dudová, Iveta | |